Os filhos de D. Joao I / (Record no. 159054)

MARC details
000 -LEADER
campo de control de longitud fija 00665nam a22001815i 4500
001 - NÚMERO DE CONTROL
campo de control 159054
003 - IDENTIFICADOR DE NÚMERO DE CONTROL
campo de control ES-MaACL
005 - FECHA Y HORA DE LA ÚLTIMA TRANSACCIÓN
campo de control 20251014063229.0
008 - DATOS DE LONGITUD FIJA--INFORMACIÓN GENERAL
campo de control de longitud fija 981126s1891 po |||| | por d
040 ## - FUENTE DE CATALOGACIÓN
Centro catalogador/agencia de origen CCPB | B
Lengua de catalogación spa
Centro/agencia transcriptor CCPB | B
100 1# - ENTRADA PRINCIPAL--NOMBRE DE PERSONA
Nombre de persona Martins, Oliveira,
Fechas asociadas al nombre 1845-1894
9 (RLIN) 129586
245 13 - MENCIÓN DEL TÍTULO
Título Os filhos de D. Joao I /
Mención de responsabilidad, etc. por J. P. Oliveira Martins.
260 ## - PUBLICACIÓN, DISTRIBUCIÓN, ETC.
Lugar de publicación, distribución, etc. Porto :
Nombre del editor, distribuidor, etc. Antigua Livraria Chardron,
Fecha de publicación, distribución, etc. 1891 (
Lugar de fabricación/manufactura Lisboa :
Fabricante Imprensa Nacional)
300 ## - DESCRIPCIÓN FÍSICA
Extensión VII, 471 p. ;
Dimensiones 24 cm.
651 #4 - PUNTO DE ACCESO ADICIONAL DE MATERIA--NOMBRE GEOGRÁFICO
Nombre geográfico Portugal-
Subdivisión general Historia-
Subdivisión cronológica 1385-1580, Época de los descubrimientos.
9 (RLIN) 168875
852 ## - LOCALIZACIÓN
Ubicación ES-MaACL
Número de control de estantería G-7650
Nota libre -- Enc. pasta española
Holdings
Estatus retirado Estado de pérdida Estado de daño No para préstamo Colección Biblioteca de origen Biblioteca actual Ubicación en estantería Fecha de adquisición Fuente de adquisición Total de préstamos Signatura topográfica completa Código de barras Visto por última vez Precio de reemplazo Tipo de ítem Koha
        Libros del s. XIX Biblioteca del Ateneo de Madrid Biblioteca del Ateneo de Madrid Sala Pecera Planta 3 17/01/2008     G-7650 1166504 23/02/2023 23/02/2023 Libro impreso antiguo